[Event "Avoine op 29th"]
[Site "Avoine"]
[Date "2014.07.23"]
[Round "5"]
[White "Gervasio, Ricardo"]
[Black "Lefebvre, Pierre"]
[Result "1-0"]
[WhiteElo "2281"]
[BlackElo "2050"]
[PlyCount "57"]
[EventDate "2014.07.19"]
[EventType "swiss"]
[EventRounds "9"]
[EventCountry "FRA"]
[SourceTitle "CBM 161 Extra"]
[Source "ChessBase"]
[SourceDate "2014.08.29"]
[SourceVersion "1"]
[SourceVersionDate "2014.08.29"]
[SourceQuality "1"]

1. d4 Nf6 2. c4 e6 3. Nc3 d5 4. Nf3 c6 5. e3 Nbd7 6. Bd3 Bd6 7. e4 dxe4 8. Nxe4 Nxe4 9. Bxe4 e5 10. 0-0 0-0 11. dxe5 Nxe5 12. Nxe5 Bxe5 13. Bxh7+ Kxh7 14. Qh5+ Kg8 15. Qxe5 Re8 16. Qg3 Qd4 17. Bf4 Qxc4 18. h3 Bf5 19. Be5 Bg6 20. f4 Qd3 21. Rf3 Qf5 22. Qf2 f6 23. Bc3 Qc2 24. Qh4 Kf7 25. f5 Bxf5 26. Raf1 Re2 27. Rg3 Rf8 28. Qh5+ Bg6 29. Rxg6 1-0

[Event "Paris-ch op-A 89th"]
[Site "Paris"]
[Date "2014.07.09"]
[Round "5"]
[White "Gervasio, Ricardo"]
[Black "Gromovs, Sergejs"]
[Result "0-1"]
[WhiteElo "2281"]
[BlackElo "2217"]
[PlyCount "140"]
[EventDate "2014.07.05"]
[EventType "swiss"]
[EventRounds "9"]
[EventCountry "FRA"]
[SourceTitle "EXT 2016"]
[Source "ChessBase"]
[SourceDate "2015.10.08"]
[SourceVersion "1"]
[SourceVersionDate "2015.10.08"]
[SourceQuality "1"]

1. d4 Nf6 2. c4 e5 3. dxe5 Ng4 4. e4 Nxe5 5. f4 Nec6 6. Be3 Bb4+ 7. Kf2 Qf6 8. Qc1 Na6 9. a3 Bc5 10. Nc3 Qxf4+ 11. Nf3 Ne5 12. Bxc5 Ng4+ 13. Ke2 Qxc1 14. Rxc1 Nxc5 15. b4 Ne6 16. h3 Nf6 17. Ke3 d6 18. Nd5 Nd7 19. Be2 c6 20. Nc3 Ke7 21. Rhd1 Rd8 22. g3 f6 23. Nd2 Ne5 24. Nb3 Bd7 25. a4 Be8 26. a5 Bf7 27. a6 bxa6 28. Na5 Rab8 29. Rb1 Nc7 30. Rd2 Na8 31. b5 axb5 32. cxb5 cxb5 33. Rxb5 Rb6 34. Rdb2 Rc8 35. Kd4 Nc7 36. Rxb6 Ne6+ 37. Ke3 Rxc3+ 38. Kd2 axb6 39. Kxc3 bxa5 40. Rb7+ Nd7 41. Ra7 Nec5 42. Kd4 a4 43. Bb5 Bb3 44. Bc6 h5 45. h4 g6 46. Kc3 Bd1 47. Kd4 Bf3 48. Ke3 Bh1 49. Kd4 Kd8 50. Bb5 Nb6 51. Bd3 Nxd3 52. Kxd3 Nd7 53. Kd4 Ke7 54. Rxa4 Bxe4 55. Ra7 f5 56. Ra3 Ke6 57. Ra7 Nb8 58. Ke3 Bc6 59. Ra1 Be4 60. Kd4 Nc6+ 61. Ke3 Ke5 62. Ra8 d5 63. Re8+ Kf6 64. Kf4 d4 65. Rf8+ Kg7 66. Ra8 d3 67. Ra1 Kf6 68. Rb1 Ke6 69. Ra1 Nb4 70. Kg5 Bf3 0-1

[Event "Paris-ch op-A 89th"]
[Site "Paris"]
[Date "2014.07.08"]
[Round "4"]
[White "Grigoriou, Stan"]
[Black "Gervasio, Ricardo"]
[Result "0-1"]
[WhiteElo "2010"]
[BlackElo "2281"]
[PlyCount "58"]
[EventDate "2014.07.05"]
[EventType "swiss"]
[EventRounds "9"]
[EventCountry "FRA"]
[SourceTitle "EXT 2016"]
[Source "ChessBase"]
[SourceDate "2015.10.08"]
[SourceVersion "1"]
[SourceVersionDate "2015.10.08"]
[SourceQuality "1"]

1. Nf3 d5 2. c4 d4 3. d3 g6 4. g3 Nh6 5. Bg2 Bg7 6. Nbd2 a5 7. b3 0-0 8. Ba3 Na6 9. 0-0 Re8 10. Ne1 e5 11. Ne4 Rb8 12. Qd2 f5 13. Ng5 c6 14. Rd1 Ng4 15. h3 Nf6 16. Ngf3 c5 17. e3 Bh6 18. Nc2 Qc7 19. Qe1 Nb4 20. Bxb4 axb4 21. a3 Bd7 22. Nd2 Bc6 23. f3 dxe3 24. Nxe3 Red8 25. Qe2 Qd6 26. Qf2 Qxd3 27. Nd5 Bxd5 28. Ne4 Nxe4 29. fxe4 Qxb3 0-1

[Event "Bois Colombes op"]
[Site "Bois Colombes"]
[Date "2014.06.11"]
[Round "?"]
[White "Fontaine, Olivier"]
[Black "Gervasio, Ricardo"]
[Result "0-1"]
[WhiteElo "1883"]
[BlackElo "2252"]
[PlyCount "50"]
[EventDate "2013.06.11"]
[EventType "swiss"]
[EventRounds "6"]
[EventCountry "FRA"]
[SourceTitle "EXT 2015"]
[Source "ChessBase"]
[SourceDate "2014.11.20"]
[SourceVersion "1"]
[SourceVersionDate "2014.11.20"]
[SourceQuality "1"]

1. c4 e5 2. Nc3 Nc6 3. Nf3 Nf6 4. g3 Bc5 5. Bg2 e4 6. Ng5 Bxf2+ 7. Kxf2 Ng4+ 8. Kg1 Qxg5 9. Nxe4 Qe5 10. e3 d6 11. d4 Qe7 12. h3 Nh6 13. Kh2 Nf5 14. Re1 0-0 15. Bd2 a5 16. c5 dxc5 17. Nxc5 Re8 18. a3 Ne5 19. Nxb7 Nc4 20. Nd6 Qxd6 21. Bxa8 Qxg3+ 22. Kh1 Qf2 23. Bg2 Nxd2 24. Rc1 Bb7 25. Qg4 Ng3+ 0-1

[Event "Bois Colombes op"]
[Site "Bois Colombes"]
[Date "2014.06.11"]
[Round "?"]
[White "Rakotomaharo, Fy Antenaina"]
[Black "Gervasio, Ricardo"]
[Result "1/2-1/2"]
[WhiteElo "2137"]
[BlackElo "2252"]
[PlyCount "86"]
[EventDate "2013.06.11"]
[EventType "swiss"]
[EventRounds "6"]
[EventCountry "FRA"]
[SourceTitle "EXT 2015"]
[Source "ChessBase"]
[SourceDate "2014.11.20"]
[SourceVersion "1"]
[SourceVersionDate "2014.11.20"]
[SourceQuality "1"]

1. d4 Nf6 2. Bg5 d5 3. Bxf6 exf6 4. e3 h5 5. h4 Bg4 6. Be2 Qd7 7. Nh3 Bd6 8. Nc3 c6 9. Qd2 Qe7 10. 0-0-0 b5 11. f3 Bxh3 12. Rxh3 f5 13. Bd3 Qf6 14. Kb1 0-0 15. e4 dxe4 16. fxe4 Qxd4 17. exf5 Be5 18. Be2 Qxd2 19. Rxd2 g6 20. Nxb5 cxb5 21. Bf3 Na6 22. Bxa8 Rxa8 23. Rd5 f6 24. fxg6 Kg7 25. Rxb5 Kxg6 26. Rd3 Nc7 27. Ra5 a6 28. c4 Kf5 29. Rd7 Ne6 30. b4 Rg8 31. Rd2 Rg4 32. Rxa6 Nd4 33. c5 Nb5 34. Rf2+ Kg6 35. a3 Rg3 36. c6 Nxa3+ 37. Ka2 Nb5 38. Rc2 Nc3+ 39. Kb3 Nb5+ 40. Ka4 Nc3+ 41. Kb3 Nb5+ 42. Ka4 Nc3+ 43. Kb3 Nd5+ 1/2-1/2

[Event "Paris-ch op-A"]
[Site "Paris"]
[Date "2010.07.07"]
[Round "5"]
[White "Pluyaud, Benoit"]
[Black "Gervasio, Ricardo"]
[Result "0-1"]
[WhiteElo "1930"]
[BlackElo "2292"]
[PlyCount "72"]
[EventDate "2010.07.03"]
[EventType "swiss"]
[EventRounds "9"]
[EventCountry "FRA"]
[SourceTitle "CBM 137 Extra"]
[Source "ChessBase"]
[SourceDate "2010.09.01"]
[SourceVersion "1"]
[SourceVersionDate "2010.09.01"]
[SourceQuality "1"]

1. d4 d5 2. Nf3 Bf5 3. c4 e6 4. a3 Nc6 5. Nc3 Nf6 6. Nh4 Bg6 7. Nxg6 hxg6 8. e3 Ne7 9. b4 Nf5 10. c5 g5 11. Bb5+ Ke7 12. Be2 g6 13. Bb2 Bg7 14. Qd3 Rh7 15. 0-0-0 c6 16. Kb1 Qc7 17. g3 Rah8 18. e4 dxe4 19. Nxe4 Nxe4 20. Qxe4 Kf8 21. h4 gxh4 22. g4 Ne7 23. Rh3 Nd5 24. Rf3 Kg8 25. Bc4 h3 26. Rh1 h2 27. Qd3 Rh4 28. Bxd5 exd5 29. Qe2 Rxg4 30. Rd3 Rg1+ 31. Rd1 Rxd1+ 32. Qxd1 Qf4 33. f3 Rh3 34. a4 Rxf3 35. b5 Rf2 36. bxc6 bxc6 0-1

[Event "Paris-ch op-A"]
[Site "Paris"]
[Date "2010.07.05"]
[Round "3"]
[White "Reilhac, Philippe"]
[Black "Gervasio, Ricardo"]
[Result "1/2-1/2"]
[WhiteElo "2034"]
[BlackElo "2292"]
[PlyCount "110"]
[EventDate "2010.07.03"]
[EventType "swiss"]
[EventRounds "9"]
[EventCountry "FRA"]
[SourceTitle "CBM 137 Extra"]
[Source "ChessBase"]
[SourceDate "2010.09.01"]
[SourceVersion "1"]
[SourceVersionDate "2010.09.01"]
[SourceQuality "1"]

1. e4 c5 2. Nf3 Nc6 3. d4 cxd4 4. Nxd4 Qc7 5. Be3 e6 6. Nc3 a6 7. Be2 Nf6 8. 0-0 b5 9. a3 Bb7 10. Kh1 Rc8 11. Bf3 h5 12. Nxc6 Bxc6 13. e5 Qxe5 14. Bxc6 Rxc6 15. Re1 Ng4 16. g3 Qxe3 17. fxe3 Nf2+ 18. Kg2 Nxd1 19. Rexd1 g6 20. Rd2 Bg7 21. Nd1 h4 22. c3 hxg3 23. hxg3 Rc5 24. Nf2 Ke7 25. a4 bxa4 26. Rxa4 a5 27. Rd3 Rb8 28. Rd2 Rcb5 29. Nd1 Be5 30. Rc4 d5 31. Ra4 f5 32. Rc2 g5 33. Ra2 g4 34. Nf2 Bd6 35. Nd3 Rh8 36. Rc1 e5 37. Nf2 Rhb8 38. Nd1 Bc7 39. Rc2 Rc5 40. Nf2 Kf6 41. Rc1 Rcb5 42. Rc2 Kg5 43. Rd2 f4 44. exf4+ exf4 45. gxf4+ Bxf4 46. Rd1 Kf5 47. Nd3 Be3 48. Re1 Bb6 49. Raa1 Bc7 50. Rf1+ Kg5 51. Rf7 Rxb2+ 52. Nxb2 Rxb2+ 53. Kf1 Be5 54. Rxa5 Rb1+ 55. Kg2 Rb2+ 1/2-1/2

[Event "Le Touquet op-A"]
[Site "Le Touquet"]
[Date "2008.10.28"]
[Round "5"]
[White "Gervasio, Ricardo"]
[Black "Dehesdin, Wilfried"]
[Result "1-0"]
[WhiteElo "2297"]
[BlackElo "2130"]
[PlyCount "29"]
[EventDate "2008.10.25"]
[EventType "swiss"]
[EventRounds "9"]
[EventCountry "FRA"]
[SourceTitle "EXT 2009"]
[Source "ChessBase"]
[SourceDate "2008.11.26"]
[SourceVersion "1"]
[SourceVersionDate "2008.11.26"]
[SourceQuality "1"]

1. e4 d6 2. f4 g6 3. Bc4 Bg7 4. Nf3 c5 5. 0-0 Nc6 6. Nc3 a6 7. d3 e6 8. f5 gxf5 9. exf5 Ne5 10. fxe6 Bxe6 11. Nxe5 Bxe5 12. Bxe6 fxe6 13. Qh5+ Kd7 14. Rf7+ Kc6 15. Bg5 1-0

[Event "Le Touquet op-A"]
[Site "Le Touquet"]
[Date "2008.10.27"]
[Round "3"]
[White "Gervasio, Ricardo"]
[Black "Osborne, Sam"]
[Result "1-0"]
[WhiteElo "2297"]
[BlackElo "2017"]
[PlyCount "77"]
[EventDate "2008.10.25"]
[EventType "swiss"]
[EventRounds "9"]
[EventCountry "FRA"]
[SourceTitle "EXT 2009"]
[Source "ChessBase"]
[SourceDate "2008.11.26"]
[SourceVersion "1"]
[SourceVersionDate "2008.11.26"]
[SourceQuality "1"]

1. e4 c5 2. c3 d5 3. exd5 Qxd5 4. d4 Nf6 5. dxc5 Qxd1+ 6. Kxd1 Nc6 7. b4 g6 8. Nf3 Bg4 9. Kc2 Bg7 10. Bb5 Bxf3 11. gxf3 Nd5 12. a3 0-0 13. Ra2 a5 14. Rb2 axb4 15. axb4 Ndxb4+ 16. Rxb4 Nxb4+ 17. cxb4 Ra2+ 18. Kb3 Rxf2 19. Rf1 Rxh2 20. Nc3 h5 21. Bc4 Rc8 22. Nd5 Kf8 23. Nb6 Rd8 24. Bd5 Rxd5 25. Nxd5 Ke8 26. Rd1 Kd7 27. Kc4 Rh4+ 28. Kb5 Rd4 29. Rxd4 Bxd4 30. Kb6 Kc8 31. Nxe7+ Kb8 32. Bf4+ Ka8 33. Nd5 Bf2 34. Kc7 h4 35. Kc8 Bg3 36. b5 Bxf4 37. Nxf4 Ka7 38. Kc7 f5 39. Nh3 1-0

[Event "Paris-ch op-A"]
[Site "Paris"]
[Date "2008.07.04"]
[Round "7"]
[White "Lebrun, Xavier"]
[Black "Gervasio, Ricardo"]
[Result "1-0"]
[WhiteElo "2144"]
[BlackElo "2287"]
[PlyCount "107"]
[EventDate "2008.06.28"]
[EventType "swiss"]
[EventRounds "9"]
[EventCountry "FRA"]
[SourceTitle "CBM 125 Extra"]
[Source "ChessBase"]
[SourceDate "2008.09.01"]
[SourceVersion "1"]
[SourceVersionDate "2008.09.01"]
[SourceQuality "1"]

1. e4 c5 2. Nf3 Nc6 3. Bb5 e6 4. 0-0 Nge7 5. Re1 a6 6. Bf1 d6 7. c3 Ng6 8. d4 cxd4 9. cxd4 Be7 10. Nc3 0-0 11. d5 exd5 12. Nxd5 Be6 13. Be3 Bxd5 14. exd5 Nce5 15. Nxe5 Nxe5 16. Qb3 Qd7 17. h3 Bf6 18. f4 Ng6 19. g3 h5 20. Bg2 Rfe8 21. h4 Qb5 22. Bb6 Qxb3 23. axb3 Bxb2 24. Rxe8+ Rxe8 25. Ra2 Bf6 26. Rc2 Re1+ 27. Kh2 Rb1 28. Bc7 Be7 29. Rc3 Rb2 30. Kh1 Rd2 31. Ba5 Kh7 32. Bf3 Rd4 33. Re3 Bxh4 34. Bc3 Bf6 35. Bxd4 Bxd4 36. Re4 Bc3 37. Bxh5 a5 38. Rc4 Be1 39. Kg2 Bb4 40. Rc7 b6 41. Rxf7 Bc5 42. Rb7 Nf8 43. Bf7 Kh6 44. Rb8 g6 45. Be6 Nh7 46. Rb7 Nf6 47. Kf3 g5 48. Bf5 gxf4 49. gxf4 Bd4 50. Bd3 Bc5 51. Re7 Kh5 52. Re6 Ng4 53. Be2 Kh4 54. Rg6 1-0

[Event "Paris-ch op-A"]
[Site "Paris"]
[Date "2008.06.30"]
[Round "3"]
[White "Mory, Eric"]
[Black "Gervasio, Ricardo"]
[Result "0-1"]
[WhiteElo "2118"]
[BlackElo "2287"]
[PlyCount "68"]
[EventDate "2008.06.28"]
[EventType "swiss"]
[EventRounds "9"]
[EventCountry "FRA"]
[SourceTitle "CBM 125 Extra"]
[Source "ChessBase"]
[SourceDate "2008.09.01"]
[SourceVersion "1"]
[SourceVersionDate "2008.09.01"]
[SourceQuality "1"]

1. Nf3 d5 2. g3 Nf6 3. Bg2 Nc6 4. d4 Bf5 5. 0-0 e6 6. b3 Be7 7. c4 Nb4 8. Na3 0-0 9. Bb2 a5 10. Ne1 c6 11. Nec2 h6 12. Ne3 Bh7 13. Nac2 Qc7 14. a3 Nxc2 15. Nxc2 a4 16. cxd5 axb3 17. Ne3 exd5 18. Qxb3 Ne4 19. Rfc1 Qd7 20. f3 Nd6 21. Ng4 Qe8 22. a4 Kh8 23. a5 Nc4 24. Rxc4 dxc4 25. Qxc4 Bg8 26. Qc3 f6 27. e4 Qf7 28. Ne3 Qb3 29. Nf5 Bb4 30. Qc1 Bh7 31. Ne3 Rxa5 32. Bf1 Rxa1 33. Bxa1 Ra8 34. Kf2 Ra2+ 0-1

[Event "Le Touquet op"]
[Site "Le Touquet"]
[Date "2006.10.30"]
[Round "4"]
[White "Gervasio, Ricardo"]
[Black "Bonneville, Jean Paul"]
[Result "1-0"]
[WhiteElo "2292"]
[BlackElo "2025"]
[PlyCount "49"]
[EventDate "2006.10.28"]
[EventType "swiss"]
[EventRounds "9"]
[EventCountry "FRA"]
[SourceTitle "EXT 2007"]
[Source "ChessBase"]
[SourceDate "2006.11.23"]
[SourceVersion "1"]
[SourceVersionDate "2006.11.23"]
[SourceQuality "1"]

1. e4 d6 2. g3 Nf6 3. Bg2 g6 4. d3 Bg7 5. Nf3 0-0 6. 0-0 Nc6 7. c3 e5 8. a4 Nh5 9. a5 a6 10. Ng5 h6 11. Nh3 Nf6 12. f4 d5 13. fxe5 Nxe5 14. d4 Neg4 15. e5 Ne4 16. Nf4 h5 17. Qe1 c6 18. Nd2 Ng5 19. Nf3 Ne6 20. Nxe6 Bxe6 21. Bg5 Qd7 22. Qd2 Kh7 23. Bf4 Bh6 24. Ng5+ Bxg5 25. Bxg5 1-0

[Event "Paris-ch"]
[Site "Paris"]
[Date "2006.07.12"]
[Round "6"]
[White "Debeaune, Robin"]
[Black "Gervasio, Ricardo"]
[Result "0-1"]
[WhiteElo "2150"]
[BlackElo "2293"]
[PlyCount "84"]
[EventDate "2006.07.08"]
[EventType "swiss"]
[EventRounds "9"]
[EventCountry "FRA"]
[SourceTitle "EXT 2007"]
[Source "ChessBase"]
[SourceDate "2006.11.23"]
[SourceVersion "1"]
[SourceVersionDate "2006.11.23"]
[SourceQuality "1"]

1. f4 d5 2. Nf3 Nf6 3. b3 c5 4. Bb2 Nc6 5. e3 a6 6. Be2 e6 7. 0-0 Be7 8. Ne5 Qc7 9. Qe1 Bd7 10. d3 h5 11. Nd2 Rf8 12. Ndf3 0-0-0 13. a3 Be8 14. Nxc6 Bxc6 15. Ne5 g6 16. Bf3 Nd7 17. Nxc6 Qxc6 18. c4 Kb8 19. Rb1 Qd6 20. b4 Bf6 21. b5 Ka7 22. Bxf6 Nxf6 23. Rf2 Rb8 24. Rfb2 b6 25. bxa6 Nd7 26. a4 g5 27. fxg5 Ne5 28. Qe2 h4 29. cxd5 exd5 30. Rf1 f6 31. gxf6 Rxf6 32. d4 Nc4 33. dxc5 Qxc5 34. Rb5 Qxe3+ 35. Qxe3 Nxe3 36. Rfb1 h3 37. a5 hxg2 38. axb6+ Kxa6 39. Be2 Kb7 40. R5b3 d4 41. Rc1 Rbf8 42. Rbb1 Rg8 0-1

[Event "Paris-ch"]
[Site "Paris"]
[Date "2006.07.12"]
[Round "7"]
[White "Gervasio, Ricardo"]
[Black "Sohier, Julien"]
[Result "0-1"]
[WhiteElo "2293"]
[BlackElo "2203"]
[PlyCount "131"]
[EventDate "2006.07.08"]
[EventType "swiss"]
[EventRounds "9"]
[EventCountry "FRA"]
[SourceTitle "EXT 2007"]
[Source "ChessBase"]
[SourceDate "2006.11.23"]
[SourceVersion "1"]
[SourceVersionDate "2006.11.23"]
[SourceQuality "1"]

1. d4 d5 2. Nf3 Nf6 3. g3 c6 4. Bg2 Bg4 5. Ne5 Bf5 6. Nd2 Nbd7 7. Ndf3 h6 8. 0-0 e6 9. c4 Be7 10. a4 0-0 11. a5 a6 12. Qb3 Qc7 13. Bf4 Qc8 14. Rac1 Nxe5 15. Nxe5 Ne4 16. f3 Nd6 17. c5 Nb5 18. e4 Bh7 19. Qb4 Qd8 20. Rcd1 Bg5 21. Bxg5 hxg5 22. Rfe1 Re8 23. Qd2 Qe7 24. exd5 cxd5 25. Bf1 Na7 26. b4 Bf5 27. Bd3 Bxd3 28. Qxd3 Nc6 29. Rb1 Na7 30. Kg2 Nb5 31. h4 g6 32. Rh1 Kg7 33. hxg5 Qxg5 34. Rh4 Rh8 35. Rbh1 Rxh4 36. Rxh4 Qf5 37. Qd2 g5 38. Rh1 f6 39. Ng4 Rh8 40. Rxh8 Kxh8 41. Qd1 Kg7 42. Ne3 Qg6 43. g4 Qh7 44. Nf1 Kf7 45. Ng3 Nc3 46. Qd2 Nb5 47. f4 Qh4 48. fxg5 Qxg4 49. gxf6 Nxd4 50. Qd3 Kxf6 51. Qh7 Nf5 52. Qh8+ Qg7 53. Qxg7+ Nxg7 54. b5 Ne8 55. b6 Ke7 56. Kf3 Kd7 57. Kf4 Kc6 58. Ke5 Kxc5 59. Kxe6 Nd6 60. Ne2 Nc4 61. Kd7 Nxa5 62. Kc7 d4 63. Nc1 Kc4 64. Ne2 d3 65. Ng3 d2 66. Nf1 0-1

[Event "Paris-ch"]
[Site "Paris"]
[Date "2006.07.12"]
[Round "8"]
[White "Leroux, Richard"]
[Black "Gervasio, Ricardo"]
[Result "1/2-1/2"]
[WhiteElo "2150"]
[BlackElo "2293"]
[PlyCount "92"]
[EventDate "2006.07.08"]
[EventType "swiss"]
[EventRounds "9"]
[EventCountry "FRA"]
[SourceTitle "EXT 2007"]
[Source "ChessBase"]
[SourceDate "2006.11.23"]
[SourceVersion "1"]
[SourceVersionDate "2006.11.23"]
[SourceQuality "1"]

1. d4 Nf6 2. c4 e6 3. Nf3 b6 4. Nc3 Bb7 5. a3 Be7 6. Bg5 Ne4 7. Nxe4 Bxe4 8. Bxe7 Qxe7 9. e3 0-0 10. Bd3 Bxd3 11. Qxd3 d6 12. 0-0 Nd7 13. Rfd1 f5 14. b4 Rad8 15. b5 Kh8 16. Qc3 Ra8 17. Rac1 a5 18. Rd2 Rae8 19. Rcd1 e5 20. dxe5 Nxe5 21. Nxe5 Qxe5 22. Qxe5 Rxe5 23. Rd5 Rfe8 24. g3 g6 25. Kg2 Kg7 26. h4 Kf6 27. Kf3 R8e7 28. R5d4 h5 29. R1d2 Rc5 30. Ke2 Rce5 31. Kf3 Re4 32. Rd1 R7e5 33. R1d2 Rg4 34. Rxg4 hxg4+ 35. Ke2 Rc5 36. Rd4 Ke5 37. f4+ gxf3+ 38. Kxf3 Kf6 39. a4 g5 40. hxg5+ Kxg5 41. e4 fxe4+ 42. Rxe4 Rf5+ 43. Rf4 Rc5 44. Rd4 Rf5+ 45. Rf4 Rc5 46. Rd4 Rf5+ 1/2-1/2